Tilastot visalle Amerikan 10 väkirikkainta valtiota

Klikkaa tästä pelataksesi tätä visaa!

Yleistilastot

  • Tätä visaa on pelattu 435 kertaa
  • Keskiarvotulos 9 / 10

Vastaustilastot

VäkilukuValtio% Oikein
344 milj.Yhdysvallat
99%
216 milj.Brasilia
98%
128 milj.Meksiko
98%
45,8 milj.Argentiina
97%
38,8 milj.Kanada
97%
52,1 milj.Kolumbia
94%
19,6 milj.Chile
93%
34,3 milj.Peru
93%
28,8 milj.Venezuela
90%
18,2 milj.Ecuador
84%

Tulosjakauma

Persentiili vastausten määrän mukaan

Jokaisen tuloksen saaneiden osuus

Tuloshistoriasi

Et ole pelannut tätä visaa